[Event "Oberliga Ost A"]
[Site "?"]
[Date "2022.11.26"]
[Round "4.8"]
[White "Rudolf, Henning"]
[Black "Schaefer, Sven"]
[Result "1/2-1/2"]
[WhiteElo "1911"]
[BlackElo "1978"]
[PlyCount "87"]
[EventDate "2022.09.18"]
[EventType "team-tourn"]
[EventCountry "GER"]
[WhiteTeam "Dessau SK"]
[BlackTeam "Sangerhausen SV"]
[WhiteTeamCountry "GER"]
[BlackTeamCountry "GER"]

1. e4 c5 2. Nf3 d6 3. d4 cxd4 4. Nxd4 Nf6 5. Nc3 g6 6. Be3 Bg7 7. Be2 O-O 8. Qd2 Nc6 9. O-O-O Nxd4 10. Bxd4 Be6 11. h4 Qa5 12. Qg5 Qxg5+ 13. hxg5 Nd7 14. Bxg7 Kxg7 15. f4 f6 16. Nb5 Bg8 17. gxf6+ Nxf6 18. Bf3 a6 19. Nc3 Ne8 20. Rh4 Rc8 21. e5 b5 22. Bb7 Rb8 23. Bc6 Rb6 24. Bxe8 Rxe8 25. Re1 b4 26. Ne4 Rc8 27. exd6 exd6 28. Ng5 Rc7 29. b3 Rbc6 30. Re2 h6 31. Nf3 Bd5 32. Nd4 Rc3 33. Rg4 Kf6 34. Kb2 Bf7 35. Rh4 Kg7 36. g4 R3c5 37. Reh2 h5 38. f5 g5 39. Rxh5 Bxh5 40. Rxh5 Kf6 41. Rh2 Rc8 42. Ne6 Rc3 43. Rh6+ Ke5 44. Rh2 1/2-1/2

[Event "Oberliga Ost A"]
[Site "?"]
[Date "2022.11.26"]
[Round "4.1"]
[White "Dahl, Christoph"]
[Black "Mastrovasilis, Dimitrios"]
[Result "0-1"]
[WhiteElo "2360"]
[BlackElo "2599"]
[PlyCount "82"]
[EventDate "2022.09.18"]
[EventType "team-tourn"]
[EventCountry "GER"]
[WhiteTeam "Sangerhausen SV"]
[BlackTeam "Dessau SK"]
[WhiteTeamCountry "GER"]
[BlackTeamCountry "GER"]

1. e4 e5 2. Nf3 Nc6 3. Bb5 a6 4. Bxc6 dxc6 5. O-O f6 6. d4 exd4 7. Nxd4 c5 8. Nb3 Qxd1 9. Rxd1 Be6 10. Bf4 c4 11. Nd4 O-O-O 12. Nc3 Bf7 13. Nf5 Re8 14. Rd2 Ne7 15. Nxe7+ Bxe7 16. Rad1 Be6 17. Nd5 Bd8 18. Be3 Rhf8 19. f3 f5 20. Nc3 Rf7 21. Bd4 Bg5 22. Re2 Rd8 23. Be3 Rxd1+ 24. Nxd1 Bf6 25. exf5 Bxf5 26. c3 b5 27. Bc5 Kb7 28. Nf2 Kc6 29. Be3 Re7 30. a3 a5 31. Kf1 Bd3 32. Nxd3 cxd3 33. Re1 Kd5 34. Bf4 Rxe1+ 35. Kxe1 c5 36. Kd2 Kc4 37. Bd6 a4 38. g4 g5 39. Ke3 Kb3 40. Kxd3 c4+ 41. Ke4 Kxb2 0-1

[Event "Oberliga Ost A"]
[Site "?"]
[Date "2022.11.26"]
[Round "4.2"]
[White "Zawadzka, Jolanta"]
[Black "Zwahr, Paul"]
[Result "1-0"]
[WhiteElo "2379"]
[BlackElo "2278"]
[PlyCount "79"]
[EventDate "2022.09.18"]
[EventType "team-tourn"]
[EventCountry "GER"]
[WhiteTeam "Dresden SG Gruen Weiss"]
[BlackTeam "Plauen SK Koenig"]
[WhiteTeamCountry "GER"]
[BlackTeamCountry "GER"]

1. e4 e5 2. Nf3 Nc6 3. d4 exd4 4. Bc4 Nf6 5. e5 Ne4 6. O-O Be7 7. Qe2 Nc5 8. Rd1 d6 9. exd6 Qxd6 10. b4 Ne6 11. b5 Na5 12. Ba3 Qb6 13. Bxe7 Nxc4 14. Qxc4 Kxe7 15. c3 Bd7 16. cxd4 Bxb5 17. Qb4+ c5 18. Qa3 Qa6 19. d5 Rhd8 20. Qe3 Kf8 21. Nc3 Nd4 22. Nxd4 cxd4 23. Qxd4 Kg8 24. Ne4 Qa4 25. Qe3 Re8 26. Rd4 Qc2 27. Rc1 Qb2 28. a4 Bd7 29. Rdc4 Rac8 30. Rxc8 Rxc8 31. Rxc8+ Bxc8 32. Qe1 Qe5 33. Qc1 Bd7 34. Nc3 Kf8 35. h3 h5 36. Qd2 g5 37. a5 h4 38. Ne2 Bb5 39. Qb4+ Kg8 40. Qxb5 1-0

[Event "Oberliga Ost A"]
[Site "?"]
[Date "2022.11.26"]
[Round "4.3"]
[White "Siedentopf, Daniel"]
[Black "Burian, Simon"]
[Result "1-0"]
[WhiteElo "2237"]
[BlackElo "2167"]
[PlyCount "147"]
[EventDate "2022.09.18"]
[EventType "team-tourn"]
[EventCountry "GER"]
[WhiteTeam "Plauen SK Koenig"]
[BlackTeam "Dresden SG Gruen Weiss"]
[WhiteTeamCountry "GER"]
[BlackTeamCountry "GER"]

1. d4 Nf6 2. c4 c5 3. d5 b5 4. cxb5 a6 5. bxa6 g6 6. Nc3 Bg7 7. e4 O-O 8. e5 Ne8 9. h4 Bxe5 10. Bh6 Ng7 11. Nf3 Bf6 12. Qd2 d6 13. h5 Bf5 14. Ng5 Nxa6 15. Rc1 Qb6 16. Be2 Rfb8 17. g4 Qxb2 18. gxf5 Qxd2+ 19. Kxd2 Nxf5 20. hxg6 Nxh6 21. gxf7+ Nxf7 22. Nxf7 Rb2+ 23. Kd3 Nb4+ 24. Kc4 Kxf7 25. Bg4 Ke8 26. Be6 Kd8 27. f3 Nxa2 28. Nxa2 Raxa2 29. Rb1 Ra4+ 30. Kd3 c4+ 31. Ke3 c3 32. Bf5 h5 33. Rxh5 Be5 34. Rhh1 Bd4+ 35. Kf4 c2 36. Rbf1 Be5+ 37. Kg5 Rc4 38. Bd3 Bf4+ 39. Kf5 Rd4 40. Be4 Bd2 41. Ra1 Rc4 42. Ra7 Rc7 43. Ra8+ Kd7 44. Kg6 Rcb7 45. Bf5+ Kc7 46. Rc8+ Kb6 47. Rc6+ Kb5 48. Bxc2 Be3 49. Bd3+ Ka5 50. Kf5 Bc5 51. Rh4 R2b6 52. Ke6 Be3 53. Rg4 Rxc6 54. dxc6 Rc7 55. Be4 Bd4 56. Rg8 Bf6 57. Rb8 Ka6 58. Kd5 Ka7 59. Rb3 Ka6 60. Bf5 Ka7 61. Bd7 Ka6 62. f4 Ka7 63. Ke6 Ka8 64. Rb5 Ra7 65. Kf7 d5 66. Rxd5 Kb8 67. Be6 Ra6 68. Bd7 Kc7 69. Be8 Ra4 70. Rd7+ Kc8 71. f5 Ra5 72. Rb7 Kd8 73. Bd7 Rc5 74. Be6 1-0

[Event "Oberliga Ost A"]
[Site "?"]
[Date "2022.11.26"]
[Round "4.4"]
[White "Zaehringer, Daniel"]
[Black "Gehmlich, Marcel"]
[Result "1/2-1/2"]
[WhiteElo "2169"]
[BlackElo "2190"]
[PlyCount "88"]
[EventDate "2022.09.18"]
[EventType "team-tourn"]
[EventCountry "GER"]
[WhiteTeam "Dresden SG Gruen Weiss"]
[BlackTeam "Plauen SK Koenig"]
[WhiteTeamCountry "GER"]
[BlackTeamCountry "GER"]

1. d4 Nf6 2. c4 e6 3. Nc3 Bb4 4. Qc2 d6 5. Bg5 Nbd7 6. e3 b6 7. Bd3 Bb7 8. Nf3 h6 9. Bh4 c5 10. Nd2 cxd4 11. exd4 g5 12. Bg3 Bxg2 13. Rg1 Bc6 14. O-O-O d5 15. Kb1 Qe7 16. cxd5 Bxd5 17. Nxd5 Nxd5 18. Nc4 b5 19. Ne3 Nxe3 20. fxe3 O-O 21. h4 g4 22. h5 f5 23. Bf4 Rfc8 24. Qb3 Kg7 25. e4 Rf8 26. exf5 exf5 27. Qd5 Rad8 28. Bxf5 Nf6 29. Qxb5 Rd5 30. Qd3 Bd6 31. Rde1 Qc7 32. Bc1 g3 33. Bg6 Nxh5 34. Bxh5 Rxh5 35. Re6 Rff5 36. Rxh6 Rxh6 37. Bxh6+ Kf6 38. Bd2 Qc6 39. Bc3 Qd5 40. Qe3 g2 41. Qh6+ Kf7 42. Qh7+ Kf8 43. Qh8+ Kf7 44. Qh7+ Kf8 1/2-1/2

[Event "Oberliga Ost A"]
[Site "?"]
[Date "2022.11.26"]
[Round "4.5"]
[White "Kaiser, Dieter"]
[Black "Kunze, Carlo"]
[Result "1/2-1/2"]
[WhiteElo "2199"]
[BlackElo "2291"]
[PlyCount "57"]
[EventDate "2022.09.18"]
[EventType "team-tourn"]
[EventCountry "GER"]
[WhiteTeam "Plauen SK Koenig"]
[BlackTeam "Dresden SG Gruen Weiss"]
[WhiteTeamCountry "GER"]
[BlackTeamCountry "GER"]

1. c4 Nf6 2. Nc3 c6 3. e4 e5 4. d4 d6 5. Nf3 Nbd7 6. Be2 Be7 7. O-O O-O 8. Re1 a6 9. a3 Re8 10. Bf1 Bf8 11. d5 c5 12. b4 g6 13. Rb1 Qc7 14. Bd2 Bg7 15. Na4 Rb8 16. b5 Nh5 17. Rb3 Rf8 18. Qc2 h6 19. Reb1 a5 20. b6 Qd8 21. Nc3 f5 22. Be1 Ndf6 23. Nd2 fxe4 24. Ncxe4 Nxe4 25. Nxe4 a4 26. Re3 Ra8 27. g3 Nf6 28. Nxf6+ Qxf6 29. Bd3 1/2-1/2

[Event "Oberliga Ost A"]
[Site "?"]
[Date "2022.11.26"]
[Round "4.6"]
[White "Sandner, Gunter"]
[Black "Butscher, Daniel"]
[Result "1/2-1/2"]
[WhiteElo "2229"]
[BlackElo "2125"]
[PlyCount "104"]
[EventDate "2022.09.18"]
[EventType "team-tourn"]
[EventCountry "GER"]
[WhiteTeam "Dresden SG Gruen Weiss"]
[BlackTeam "Plauen SK Koenig"]
[WhiteTeamCountry "GER"]
[BlackTeamCountry "GER"]

1. Nf3 d5 2. g3 Nf6 3. Bg2 e6 4. O-O Be7 5. c4 O-O 6. Qc2 d4 7. d3 Nc6 8. a3 a5 9. e3 e5 10. h3 Nd7 11. exd4 exd4 12. Nbd2 Nc5 13. Nb3 Ne6 14. Bd2 a4 15. Nc1 Nc5 16. Bb4 Ne6 17. Na2 Nxb4 18. axb4 c6 19. Kh2 Qb6 20. Qd2 Rd8 21. Rae1 Qc7 22. Re2 Bf8 23. Ng1 g6 24. f4 Ng7 25. Rfe1 Be6 26. Nf3 h6 27. Re4 c5 28. bxc5 Bxc5 29. Ne5 b5 30. R4e2 Rac8 31. Nb4 bxc4 32. dxc4 Bxc4 33. Nbd3 Bd5 34. Rc1 Qd6 35. Qa5 Bxg2 36. Rxg2 Bb6 37. Qxa4 Rxc1 38. Nxc1 Nf5 39. Ncd3 Ne3 40. Rf2 Kg7 41. Qb3 Nd5 42. Nc4 Qc7 43. Rc2 Qb8 44. Nce5 Bc7 45. Qxb8 Bxb8 46. Nc6 Ne3 47. Nxd8 Nxc2 48. Nc6 Bc7 49. Kg2 Kf6 50. Kf3 Ke6 51. Ndb4 Nxb4 52. Nxb4 Bd6 1/2-1/2

[Event "Oberliga Ost A"]
[Site "?"]
[Date "2022.11.26"]
[Round "4.7"]
[White "Hutsch, Oliver"]
[Black "Kuraszkiewicz, Michael"]
[Result "0-1"]
[WhiteElo "2142"]
[BlackElo "2266"]
[PlyCount "76"]
[EventDate "2022.09.18"]
[EventType "team-tourn"]
[EventCountry "GER"]
[WhiteTeam "Plauen SK Koenig"]
[BlackTeam "Dresden SG Gruen Weiss"]
[WhiteTeamCountry "GER"]
[BlackTeamCountry "GER"]

1. d4 Nf6 2. g3 c5 3. d5 e6 4. c4 exd5 5. cxd5 d6 6. Nc3 g6 7. Bg2 Bg7 8. Nf3 O-O 9. O-O a6 10. a4 Re8 11. Nd2 Nbd7 12. Nc4 Ne5 13. Nxe5 Rxe5 14. Bf4 Re8 15. a5 b6 16. axb6 Qxb6 17. Na4 Qd8 18. Re1 Ng4 19. h3 Ne5 20. Qc2 Rb8 21. Bd2 Bf5 22. Qc1 Rb3 23. Ra3 Rxa3 24. bxa3 Qd7 25. Nb6 Qb5 26. g4 Bxg4 27. hxg4 Qxb6 28. g5 Qb3 29. Bc3 Rb8 30. Ba1 a5 31. Be4 Qh3 32. Bg2 Qh4 33. f4 Ng4 34. Bxg7 Kxg7 35. Qc3+ Kg8 36. Rc1 Qf2+ 37. Kh1 Qxf4 38. Kg1 a4 0-1

[Event "Oberliga Ost A"]
[Site "?"]
[Date "2022.11.26"]
[Round "4.8"]
[White "Pfretzschner, Roland"]
[Black "Salewski, Bernd"]
[Result "1/2-1/2"]
[WhiteElo "2157"]
[BlackElo "1980"]
[PlyCount "60"]
[EventDate "2022.09.18"]
[EventType "team-tourn"]
[EventCountry "GER"]
[WhiteTeam "Dresden SG Gruen Weiss"]
[BlackTeam "Plauen SK Koenig"]
[WhiteTeamCountry "GER"]
[BlackTeamCountry "GER"]

1. e4 e6 2. b3 d5 3. Bb2 d4 4. c3 dxc3 5. Nxc3 c5 6. Nf3 Nf6 7. Bc4 Nc6 8. O-O Be7 9. Re1 O-O 10. e5 Nd5 11. Ne4 a6 12. Rc1 b6 13. d4 Nxd4 14. Nxd4 cxd4 15. Bxd4 b5 16. Bf1 Bb4 17. Bc5 Bxe1 18. Qxe1 Re8 19. Nd6 Bd7 20. Nxe8 Bxe8 21. Rd1 Rc8 22. b4 Bc6 23. Qd2 Qh4 24. Qd4 Qg5 25. h4 Qh5 26. Re1 h6 27. Be2 Qf5 28. Bd3 Qh5 29. Be2 Qf5 30. Bd3 Qh5 1/2-1/2

[Event "Oberliga Ost A"]
[Site "?"]
[Date "2022.11.26"]
[Round "4.1"]
[White "Stein, Robert"]
[Black "Hoepfl, Thomas"]
[Result "1-0"]
[WhiteElo "2401"]
[BlackElo "2286"]
[PlyCount "53"]
[EventDate "2022.09.18"]
[EventType "team-tourn"]
[EventCountry "GER"]
[WhiteTeam "Plauen SK Koenig"]
[BlackTeam "Dresden SG Gruen Weiss"]
[WhiteTeamCountry "GER"]
[BlackTeamCountry "GER"]

1. d4 Nf6 2. c4 g6 3. Nc3 Bg7 4. e4 d6 5. Nf3 O-O 6. Be2 e5 7. Be3 c6 8. O-O exd4 9. Bxd4 Re8 10. Qc2 Nbd7 11. Rad1 Qe7 12. Rfe1 Ne5 13. b4 Nfg4 14. Nxe5 dxe5 15. Bc5 Qh4 16. h3 b6 17. Bxg4 Bxg4 18. hxg4 bxc5 19. b5 cxb5 20. Nxb5 Re7 21. Qe2 Rb8 22. Rd6 f5 23. Qd1 fxg4 24. g3 Qg5 25. Qd5+ Kh8 26. Rd8+ Re8 27. Nd6 1-0

[Event "Oberliga Ost A"]
[Site "?"]
[Date "2022.11.26"]
[Round "4.2"]
[White "Sukaylo, Aleksey"]
[Black "Post, Hugo"]
[Result "0-1"]
[WhiteElo "2098"]
[BlackElo "2170"]
[PlyCount "40"]
[EventDate "2022.09.18"]
[EventType "team-tourn"]
[EventCountry "GER"]
[WhiteTeam "Loeberitz SG"]
[BlackTeam "Halle USV"]
[WhiteTeamCountry "GER"]
[BlackTeamCountry "GER"]

1. e4 c5 2. Nf3 d6 3. d4 cxd4 4. Nxd4 Nf6 5. Nc3 g6 6. Be3 Bg7 7. f3 O-O 8. Qd2 Nc6 9. g4 Be6 10. h4 d5 11. g5 Nh5 12. Nxe6 fxe6 13. exd5 Ne5 14. O-O-O Ng3 15. Rh3 Nxf1 16. Rxf1 Nc4 17. Qd3 Rc8 18. Bd4 e5 19. Bxa7 Qa5 20. Ne4 Qxa2 0-1

[Event "Oberliga Ost A"]
[Site "?"]
[Date "2022.11.26"]
[Round "4.3"]
[White "Rogule, Laura"]
[Black "Schulte, Felix"]
[Result "1/2-1/2"]
[WhiteElo "2270"]
[BlackElo "2152"]
[PlyCount "30"]
[EventDate "2022.09.18"]
[EventType "team-tourn"]
[EventCountry "GER"]
[WhiteTeam "Halle USV"]
[BlackTeam "Loeberitz SG"]
[WhiteTeamCountry "GER"]
[BlackTeamCountry "GER"]

1. c4 b6 2. Nc3 Bb7 3. e4 c5 4. g3 g6 5. Bg2 Bg7 6. Nge2 Nc6 7. d3 d6 8. Be3 Nd4 9. f4 e6 10. Rb1 Ne7 11. O-O O-O 12. g4 f5 13. Ng3 Qd7 14. Kh1 Rf7 15. h3 Raf8 1/2-1/2

[Event "Oberliga Ost A"]
[Site "?"]
[Date "2022.11.26"]
[Round "4.4"]
[White "Huth, Martin"]
[Black "Schuetze, Norman"]
[Result "0-1"]
[WhiteElo "2008"]
[BlackElo "2287"]
[PlyCount "114"]
[EventDate "2022.09.18"]
[EventType "team-tourn"]
[EventCountry "GER"]
[WhiteTeam "Loeberitz SG"]
[BlackTeam "Halle USV"]
[WhiteTeamCountry "GER"]
[BlackTeamCountry "GER"]

1. e4 c5 2. Nf3 d6 3. d4 cxd4 4. Nxd4 Nf6 5. Nc3 a6 6. a4 b6 7. Be2 Bb7 8. Bf3 Nbd7 9. O-O Ne5 10. Bg5 e6 11. Re1 Be7 12. Rb1 Qc7 13. g3 Nxf3+ 14. Qxf3 h6 15. Bd2 O-O 16. Qd3 Rfd8 17. Qe3 Bf8 18. Qf3 Nd7 19. Qe2 g6 20. f4 Re8 21. Qf2 Nf6 22. h3 Bg7 23. Be3 Nxe4 24. Nxe4 Bxe4 25. Rbc1 Rab8 26. c3 Ba8 27. Kh2 Qb7 28. Rcd1 e5 29. Nc2 Re6 30. Rd2 Rf6 31. Nb4 exf4 32. gxf4 Re8 33. Nd5 Rf5 34. Nxb6 d5 35. Nxa8 Qxa8 36. Bd4 Rxe1 37. Qxe1 Qb8 38. Be5 Bxe5 39. fxe5 Rxe5 40. Qg3 Qe8 41. Rf2 Re3 42. Qf4 Qe6 43. Qxh6 Re4 44. a5 Qe5+ 45. Kg2 d4 46. Qd2 Re3 47. cxd4 Qg3+ 48. Kf1 Qxh3+ 49. Rg2 Rd3 50. Qe2 Qh1+ 51. Kf2 Qh4+ 52. Kf1 Qxd4 53. Rf2 Qd5 54. Qc2 Re3 55. Kg1 Qxa5 56. Qc8+ Kg7 57. Qg4 Qe5 0-1

[Event "Oberliga Ost A"]
[Site "?"]
[Date "2022.11.26"]
[Round "4.5"]
[White "Pallas, Sebastian"]
[Black "Hentzgen, Thomas"]
[Result "1-0"]
[WhiteElo "2229"]
[BlackElo "2007"]
[PlyCount "117"]
[EventDate "2022.09.18"]
[EventType "team-tourn"]
[EventCountry "GER"]
[WhiteTeam "Halle USV"]
[BlackTeam "Loeberitz SG"]
[WhiteTeamCountry "GER"]
[BlackTeamCountry "GER"]

1. e4 e6 2. d4 d5 3. Nd2 Nc6 4. Ngf3 Nf6 5. e5 Nd7 6. c3 f6 7. exf6 Qxf6 8. Bb5 Bd6 9. Nf1 O-O 10. Bg5 Qf7 11. Qd2 e5 12. Bxc6 bxc6 13. dxe5 Nxe5 14. Nxe5 Bxe5 15. Be3 Ba6 16. O-O-O Bb5 17. Qc2 a5 18. Kb1 a4 19. Ng3 Bd6 20. Rhe1 c5 21. Ne2 Bd7 22. Ka1 Be6 23. Nc1 d4 24. cxd4 Bb3 25. Qc3 Bxd1 26. dxc5 Bf4 27. Rxd1 Bxe3 28. fxe3 Rad8 29. Re1 Qd5 30. b4 Qd2 31. Qc4+ Kh8 32. Re2 Qd1 33. b5 Rf1 34. Rc2 Re1 35. b6 cxb6 36. cxb6 Rxe3 37. b7 Ree8 38. Qxa4 Qe1 39. Qb5 Rb8 40. a4 Qe7 41. Rb2 Qc7 42. Nd3 Re7 43. Nc5 Re5 44. Rc2 Re1+ 45. Ka2 Qe5 46. Qb2 Qd5+ 47. Qb3 Qd1 48. Qc3 Re2 49. Rxe2 Qxe2+ 50. Ka3 Qe7 51. Qb4 Qe2 52. Qf4 Qe8 53. a5 Rd8 54. a6 Qe1 55. b8=Q Qa1+ 56. Kb4 Qb1+ 57. Nb3 Qe1+ 58. Ka3 Qe7+ 59. Qfb4 1-0

[Event "Oberliga Ost A"]
[Site "?"]
[Date "2022.11.26"]
[Round "4.6"]
[White "Polzin, Gustav"]
[Black "Mertens, Fridolin"]
[Result "0-1"]
[WhiteElo "1808"]
[BlackElo "2124"]
[PlyCount "62"]
[EventDate "2022.09.18"]
[EventType "team-tourn"]
[EventCountry "GER"]
[WhiteTeam "Loeberitz SG"]
[BlackTeam "Halle USV"]
[WhiteTeamCountry "GER"]
[BlackTeamCountry "GER"]

1. e4 d6 2. d4 g6 3. Nc3 Bg7 4. Be3 a6 5. a4 Nf6 6. Qd2 O-O 7. Nf3 Nc6 8. d5 Ne5 9. Nxe5 dxe5 10. f3 e6 11. Bc4 exd5 12. exd5 Ne8 13. O-O Nd6 14. Bb3 Nf5 15. Bf2 Nd4 16. Bxd4 exd4 17. Ne2 c5 18. c3 dxc3 19. bxc3 Bd7 20. Rfe1 Rc8 21. Rab1 Bf5 22. Rb2 c4 23. Bd1 Rc5 24. d6 Rc6 25. Rxb7 Rxd6 26. Qc1 Re8 27. g3 Qa8 28. Qb2 Bxc3 29. Nxc3 Rxe1+ 30. Kf2 Re8 31. Rc7 Qd8 0-1

[Event "Oberliga Ost A"]
[Site "?"]
[Date "2022.11.26"]
[Round "4.7"]
[White "Boehm, Christian"]
[Black "Schulemann, Gero"]
[Result "1-0"]
[WhiteElo "2074"]
[BlackElo "1748"]
[PlyCount "133"]
[EventDate "2022.09.18"]
[EventType "team-tourn"]
[EventCountry "GER"]
[WhiteTeam "Halle USV"]
[BlackTeam "Loeberitz SG"]
[WhiteTeamCountry "GER"]
[BlackTeamCountry "GER"]

1. Nf3 c5 2. g3 Nc6 3. Bg2 e5 4. d3 Nf6 5. O-O Be7 6. e4 d5 7. Nbd2 O-O 8. c3 Rb8 9. Re1 d4 10. cxd4 cxd4 11. Nc4 Qc7 12. Nfxe5 Nxe5 13. Nxe5 Be6 14. Nf3 Qb6 15. Bf4 Rbc8 16. Re2 h6 17. Be5 Rfd8 18. Qa4 Bc5 19. Bxf6 gxf6 20. e5 Bg4 21. Rae1 Bb4 22. Rf1 Re8 23. Re4 Bxf3 24. Bxf3 Rxe5 25. Qd7 Rd8 26. Qh3 Bd2 27. Rxe5 fxe5 28. Qf5 Qe6 29. Qxe6 fxe6 30. Rd1 Bg5 31. h4 Be7 32. Rc1 Rd7 33. Rc8+ Kg7 34. Kg2 Bd8 35. Kh3 Kf6 36. Kg4 Kg7 37. Be4 Be7 38. Rb8 b6 39. Rc8 Bc5 40. a3 a5 41. Kh5 Rf7 42. f3 Rd7 43. Rc6 Re7 44. Bg6 Ra7 45. Rxe6 Re7 46. Rc6 Rd7 47. Be4 Rd6 48. Rc7+ Kg8 49. Rh7 b5 50. Rxh6 Rxh6+ 51. Kxh6 b4 52. a4 Kh8 53. b3 Be7 54. Kg6 Bd8 55. Kf7 Bxh4 56. g4 Bg5 57. Kg6 Be7 58. Kf5 Bd6 59. Kf6 Bc7 60. g5 Bd8+ 61. Kxe5 Bxg5 62. Kxd4 Kg7 63. Ke5 Kf7 64. Kd6 Bd8 65. d4 Ke8 66. Bg6+ Kf8 67. Kd7 1-0

[Event "Oberliga Ost A"]
[Site "?"]
[Date "2022.11.26"]
[Round "4.8"]
[White "Kretzschmar, Arnd"]
[Black "Schindler, Christian"]
[Result "0-1"]
[WhiteElo "1921"]
[BlackElo "2174"]
[PlyCount "98"]
[EventDate "2022.09.18"]
[EventType "team-tourn"]
[EventCountry "GER"]
[WhiteTeam "Loeberitz SG"]
[BlackTeam "Halle USV"]
[WhiteTeamCountry "GER"]
[BlackTeamCountry "GER"]

1. d4 c5 2. d5 Nf6 3. c4 b5 4. cxb5 a6 5. f3 d6 6. e4 g6 7. a4 Bg7 8. Na3 O-O 9. Ne2 e6 10. Nc3 exd5 11. Nxd5 Nxd5 12. Qxd5 Ra7 13. bxa6 Nxa6 14. Nb5 Rd7 15. Bg5 Qa5+ 16. Bd2 Nb4 17. Qb3 d5 18. exd5 Re8+ 19. Kf2 Qd8 20. Bc4 Bd4+ 21. Nxd4 Qh4+ 22. g3 Qxd4+ 23. Be3 Rxe3 24. Qxe3 Qxc4 25. Qe8+ Kg7 26. Rhd1 Nd3+ 27. Rxd3 Qxd3 28. Qxc8 Qc2+ 29. Kg1 Rxd5 30. a5 Rd2 31. Qh3 Qxb2 32. Qf1 Qd4+ 33. Kh1 Rf2 34. Qg1 Qe3 35. Ra3 Qxa3 36. Qxf2 Qxa5 37. Qb2+ f6 38. Kg2 Qc7 39. Kf2 h5 40. Ke3 Qe5+ 41. Qxe5 fxe5 42. Kd3 Kf6 43. Kc4 e4 44. fxe4 Ke5 45. Kxc5 g5 46. Kc6 g4 47. Kd7 Kxe4 48. Ke6 Kf3 49. Kf5 Kg2 0-1

[Event "Oberliga Ost A"]
[Site "?"]
[Date "2022.11.26"]
[Round "4.2"]
[White "Melamed, Tatjana"]
[Black "Henning, Marvin"]
[Result "1/2-1/2"]
[WhiteElo "2366"]
[BlackElo "2008"]
[PlyCount "106"]
[EventDate "2022.09.18"]
[EventType "team-tourn"]
[EventCountry "GER"]
[WhiteTeam "Leipzig SG II"]
[BlackTeam "Magdeburg SG Aufbau Elbe"]
[WhiteTeamCountry "GER"]
[BlackTeamCountry "GER"]

1. e4 d5 2. exd5 Qxd5 3. Nc3 Qd6 4. d4 Nf6 5. Nf3 c6 6. Ne5 Nbd7 7. f4 a6 8. Bc4 e6 9. Qe2 b5 10. Bd3 Qxd4 11. Be3 Qd6 12. O-O-O Nxe5 13. Bxb5 Qc7 14. fxe5 axb5 15. exf6 b4 16. Ne4 Rxa2 17. Qc4 Ra1+ 18. Kd2 Qd7+ 19. Qd4 Rxd1+ 20. Rxd1 e5 21. Qxd7+ Kxd7 22. fxg7 Bxg7 23. Ke1+ Kc7 24. Bc5 Bf5 25. Nd6 Bxc2 26. Ra1 Kd7 27. Ra7+ Ke6 28. Nxf7 Rg8 29. Bxb4 Bf6 30. g3 Bg6 31. Nh6 Rb8 32. Bc3 e4 33. Ng4 Bxc3+ 34. bxc3 Rb2 35. Ra6 Bh5 36. h3 Bxg4 37. hxg4 Kd5 38. Ra7 Kc4 39. Rxh7 Kxc3 40. Rd7 c5 41. g5 Rg2 42. g6 Rxg3 43. g7 e3 44. Ke2 c4 45. Rc7 Kb3 46. Rb7+ Kc2 47. Rc7 c3 48. Rb7 Kc1 49. Rc7 c2 50. Rb7 Rg2+ 51. Kxe3 Kd1 52. Rd7+ Ke1 53. Rc7 Rxg7 1/2-1/2

[Event "Oberliga Ost A"]
[Site "?"]
[Date "2022.11.26"]
[Round "4.3"]
[White "Schiffer, Stefan"]
[Black "Andre, Gordon"]
[Result "1-0"]
[WhiteElo "2239"]
[BlackElo "2355"]
[PlyCount "67"]
[EventDate "2022.09.18"]
[EventType "team-tourn"]
[EventCountry "GER"]
[WhiteTeam "Magdeburg SG Aufbau Elbe"]
[BlackTeam "Leipzig SG II"]
[WhiteTeamCountry "GER"]
[BlackTeamCountry "GER"]

1. e4 e5 2. Nf3 Nc6 3. Bb5 a6 4. Ba4 Nf6 5. O-O b5 6. Bb3 Bc5 7. d3 d6 8. a4 Rb8 9. axb5 axb5 10. c3 h6 11. d4 Bb6 12. Na3 Bg4 13. Nxb5 Bxf3 14. Qxf3 exd4 15. Nxd4 Nxd4 16. Ba4+ Nd7 17. cxd4 Bxd4 18. Qf5 Ke7 19. Rd1 Bb6 20. Bf4 Nc5 21. e5 d5 22. Bc6 d4 23. b4 Ne6 24. Bg3 Kf8 25. f4 d3+ 26. Kh1 d2 27. Ra2 Be3 28. Ra3 Qd4 29. Rd3 Qb6 30. Rd7 Nd8 31. e6 Qxc6 32. e7+ Ke8 33. exd8=Q+ Rxd8 34. Qxf7# 1-0

[Event "Oberliga Ost A"]
[Site "?"]
[Date "2022.11.26"]
[Round "4.4"]
[White "Paul, Johannes"]
[Black "Roemling, Sven"]
[Result "1/2-1/2"]
[WhiteElo "2316"]
[BlackElo "2234"]
[PlyCount "25"]
[EventDate "2022.09.18"]
[EventType "team-tourn"]
[EventCountry "GER"]
[WhiteTeam "Leipzig SG II"]
[BlackTeam "Magdeburg SG Aufbau Elbe"]
[WhiteTeamCountry "GER"]
[BlackTeamCountry "GER"]

1. d4 Nf6 2. c4 g6 3. Nc3 Bg7 4. e4 O-O 5. Be2 d6 6. Be3 e5 7. d5 Nbd7 8. h4 Nc5 9. f3 Nh5 10. Bf2 a5 11. g3 Bd7 12. Nh3 a4 13. Qd2 1/2-1/2

[Event "Oberliga Ost A"]
[Site "?"]
[Date "2022.11.26"]
[Round "4.5"]
[White "Schunk, Thomas"]
[Black "Schoene, Maria"]
[Result "1/2-1/2"]
[WhiteElo "2162"]
[BlackElo "2191"]
[PlyCount "70"]
[EventDate "2022.09.18"]
[EventType "team-tourn"]
[EventCountry "GER"]
[WhiteTeam "Magdeburg SG Aufbau Elbe"]
[BlackTeam "Leipzig SG II"]
[WhiteTeamCountry "GER"]
[BlackTeamCountry "GER"]

1. c4 g6 2. g3 Bg7 3. Bg2 d6 4. Nc3 c5 5. d3 Nc6 6. Nf3 Bd7 7. O-O Nh6 8. e4 Qc8 9. Ne1 O-O 10. Bd2 f5 11. Rb1 Rb8 12. a3 a6 13. Nd5 Qd8 14. b4 e6 15. Nc3 Qe7 16. b5 Nd4 17. Nc2 axb5 18. Nxb5 fxe4 19. Ncxd4 cxd4 20. dxe4 Nf7 21. f4 Rfc8 22. Qb3 Kh8 23. Qd3 e5 24. Rf2 Ra8 25. Bb4 Ra6 26. Qb3 Be6 27. Bf1 Nh6 28. h3 Qd7 29. Kh2 Rf8 30. Bd2 Qc6 31. Qd3 Qd7 32. Qb3 Rc6 33. Na7 Ra6 34. Nb5 Rc6 35. Na7 Ra6 1/2-1/2

[Event "Oberliga Ost A"]
[Site "?"]
[Date "2022.11.26"]
[Round "4.6"]
[White "Rafayevych, Vilen"]
[Black "Limpert, Michael"]
[Result "1-0"]
[WhiteElo "2143"]
[BlackElo "2109"]
[PlyCount "43"]
[EventDate "2022.09.18"]
[EventType "team-tourn"]
[EventCountry "GER"]
[WhiteTeam "Leipzig SG II"]
[BlackTeam "Magdeburg SG Aufbau Elbe"]
[WhiteTeamCountry "GER"]
[BlackTeamCountry "GER"]

1. d4 d5 2. c4 c6 3. cxd5 cxd5 4. Bg5 Nc6 5. Nc3 Qb6 6. Nxd5 Qa5+ 7. Nc3 Qxg5 8. d5 Nb8 9. Nf3 Qf6 10. e4 a6 11. Rc1 Nd7 12. Qa4 Rb8 13. e5 Qh6 14. Rc2 b5 15. Nxb5 axb5 16. Bxb5 Kd8 17. O-O Qb6 18. Rfc1 Qb7 19. e6 Nb6 20. Qf4 Nf6 21. Ne5 Nbxd5 22. Nxf7# 1-0

[Event "Oberliga Ost A"]
[Site "?"]
[Date "2022.11.26"]
[Round "4.7"]
[White "Greger, Ubald"]
[Black "Wagner, Benjamin"]
[Result "0-1"]
[WhiteElo "2125"]
[BlackElo "2076"]
[PlyCount "66"]
[EventDate "2022.09.18"]
[EventType "team-tourn"]
[EventCountry "GER"]
[WhiteTeam "Magdeburg SG Aufbau Elbe"]
[BlackTeam "Leipzig SG II"]
[WhiteTeamCountry "GER"]
[BlackTeamCountry "GER"]

1. e4 e5 2. Nf3 Nc6 3. Be2 Nf6 4. d3 d5 5. Nbd2 Bc5 6. c3 O-O 7. b4 Bd6 8. a3 Ne7 9. O-O Ng6 10. Re1 c6 11. Bf1 h6 12. g3 Be6 13. h3 Qd7 14. Kh2 Rae8 15. Bg2 Nh7 16. d4 f5 17. exd5 Bxd5 18. c4 Bxf3 19. Nxf3 e4 20. Nd2 Ng5 21. f4 Nxf4 22. gxf4 Bxf4+ 23. Kh1 Qxd4 24. Nb3 Qe5 25. Bxf4 Qxf4 26. Qd2 Qh4 27. Qc3 f4 28. Rg1 f3 29. Bf1 e3 30. Rg4 Qh5 31. Qd4 e2 32. Rh4 Qg6 33. Qf2 Ne4 0-1